| 000 | 00686nam a22001817a 4500 | ||
|---|---|---|---|
| 005 | 20250716150908.0 | ||
| 008 | 250716b |||||||| |||| 00| 0 eng d | ||
| 020 | _a978-1-78892-969-1 | ||
| 050 | _aP 41 .H67 2025 | ||
| 100 | _aFARACLAS, NICHOLAS, | ||
| 245 | _aHOSPITABLE LINGUISTICS: ALTERNATIVE, INDIGENOUS AND CRITICAL APPROACHES TO LANGUAGE RESEARCH AND LANGUAGE ENCOUNTERS | ||
| 260 |
_aBRISTOL _bMULTILINGUAL MATTERS _c2025 |
||
| 300 | _aXXII,343P.:ILL | ||
| 500 | _aINCLUDES BIBLIOGRAPHICAL REFERENCES AND INDEX | ||
| 650 | _a1. LINGUISTICS 2. DECOLONIZATION 3. HOSPITALITY 4. LANGUAGE AND CULTURE | ||
| 700 |
_aSTORCH, ANNE _aVELUPILLAI, VIVEKA |
||
| 942 |
_2lcc _cBK |
||
| 999 |
_c215900 _d215900 |
||